| 000 | 00717nam a22002057a 4500 | ||
|---|---|---|---|
| 003 | CO-ViMGA | ||
| 008 | 170331b xxu||||| |||| 00| 0 eng d | ||
| 040 |
_aCO-ViMGA _bspa _cCO-ViMGA |
||
| 082 | 0 | 4 |
_a791.43 _bF85a |
| 110 |
_aFundación Cultural de Andagoya _98257 |
||
| 245 | 1 | 0 | _aAlabaos, gualies y tumbas |
| 260 |
_a Bogotá : _bMinisterio de Cultura, _c [2016] |
||
| 300 | _a1 DVD | ||
| 440 |
_aDotación PNLB -- Ministerio de Cultura _98240 |
||
| 650 | 1 | 4 |
_a Canciones folclóricas colombianas _98260 |
| 650 | 1 | 4 |
_a Documentales colombianos _v Videodiscos digitales _98258 |
| 650 | 1 | 4 |
_aCanciones folclóricas _zChocó (Colombia) _98259 |
| 650 | 1 | 4 |
_aCantos religiosos _zChocó (Colombia) _98261 |
| 942 |
_2ddc _cDVD |
||
| 999 |
_c37814 _d37814 |
||